000 00263 a2200133 4500
001 194779
040 _cMagnum
100 _aAzevedo, AluĂ­sio de
240 1 0 _aO mulato
_lpor
245 1 0 _aO mulato
300 _a294
697 _aLITERATURA GERAL
942 _cBK
999 _c194779
_d194779